Tilastot visalle IIHF Hall of Famen suomalaiset

Klikkaa tästä pelataksesi tätä visaa!

Yleistilastot

  • Tätä visaa on pelattu 35 kertaa
    (7 viimeisimmän päivityksen jälkeen)
  • Keskiarvotulos 11 / 23

Vastaustilastot

nimivuosipelipaikka/rooli
(+ jäädytetty numero)
% Oikein
KKKalervo
Kummola
2023vaikuttaja, IIHF:n vara-
puheenjohtaja
100%
TSTeemu
Selänne
2017H
#8 Leijonat
#8 Anaheim Ducks
100%
JKJari
Kurri
2000
H
#17 Jokerit
#17 Leijonat
#17 Edmonton Oilers
83%
RHRaimo
Helminen
2012
H
#41 Ilves
#14 Leijonat
83%
SKSaku
Koivu
2017H
#11 Leijonat
83%
TJTimo
Jutila
2003P
#7 Tappara
83%
EPEsa
Peltonen
2007H
Leijonien MM-historian
maalintekijätilaston 3.
67%
KNKalevi
Numminen
2011
P
#2 Tappara
67%
TNTeppo
Numminen
2013
P
#27 Phoenix Coyotes
67%
VPVille
Peltonen
2016H
#16 Leijonat
67%
GSGöran
Stubb
2000vaikuttaja,
NHL:n kykyjenetsijä
50%
RS
Riikka
Sallinen
2010#13 JYP (naiset)
50%
JLJere
Lehtinen
2018H
#10 Blues
#26 Leijonat
#26 Dallas Stars
33%
KTKimmo
Timonen
2020P
#44 KalPa
33%
JVJorma
Valtonen
1999MV
232 maaottelua 70-80-
luvuilla
17%
LOLasse
Oksanen
1999H
#14 Ilves
17%
MKMatti
Keinonen
2002H
#7 Lukko
17%
PMPekka
Marjamäki
1998P
#3 Tappara
17%
PNPetteri
Nummelin
2024P,
253 ottelua Leijonissa
1995-2007
17%
UWUnto
Wiitala
2003MV,
erotuomari
17%
UYUrpo
Ylönen
1997MV, jonka mukaan
jaetaan paras
maalivahti -palkinto
17%
HLHarry
Lindblad
1999vaikuttaja, Tapparan
kunniapuheenjohtaja
0%
JWJuhani
Wahlsten
2006H
#8 TPS
0%

Tulosjakauma

Persentiili vastausten määrän mukaan

Jokaisen tuloksen saaneiden osuus

Tuloshistoriasi

Et ole pelannut tätä visaa sen viimeisimmän päivityksen jälkeen